00561nmm a2200157Ia 4500008004100000020001800041041000800059100001900067245012600086264006900212300001800281650002900299856005100328942000700379999001700386251105s9999||||xx |||||||||||||||||und|| a9788416515318 aspa aStarace, Irene 0aEntre pasado y presente :b Las mujeres del Japón y del Renacimiento italiano en la obra de dos escritoras del siglo XX a[Madrid, España] :bPrensas Universitarias de Zaragoza, c2015 a156 páginas aGender and Women Studies uhttps://public.digitaliapublishing.com/a/59261 cCF c77843d77843